Phân tích và thiết kế nguồn ổn định chuyển mạch. Tập 1

Guardat en:
Dades bibliogràfiques
Format: Llibre
Idioma:Vietnamese
Publicat: Tiền Giang 2002
Matèries:
Etiquetes: Afegir etiqueta
Sense etiquetes, Sigues el primer a etiquetar aquest registre!
Thư viện lưu trữ: Mạng thư viện Đại học Đà Nẵng
LEADER 01045nam a2200301 a 4500
001 000001807
003 02386
005 20171229145311.0
008 171229s2002 vie
040 |a LSK 
041 0 |a VIE 
082 0 |a 621.381537  |b ĐÔ-H 
245 0 0 |a Phân tích và thiết kế nguồn ổn định chuyển mạch. Tập 1  |c Đỗ Thanh Hải, Trương Trọng Tuấn 
260 |b Tiền Giang  |c 2002 
300 |a 331 pages  |c 27 cm. 
653 |a Mạch điện - Thiết kế 
852 |a Phòng Đọc - Phòng Mượn 
901 |a 18 
927 |a Sách chuyên khảo 
OWN |a LSK 
AVA |a UDN50  |b LSK  |d 621.381537 ĐÔ-H  |e check_holdings  |t Error 5003 Not defined in file expand_doc_bib_avail.  |h N  |k 1 
999 |a From the UDN01 
AVA |a UDN50  |b LSK  |d 621.381537 ĐÔ-H  |e available  |t Error 5001 Not defined in file expand_doc_bib_avail.  |f 18  |g 0  |h N  |i 1  |k 1 
TYP |a Monograph 
TYP |a Printed language 
980 |a Mạng thư viện Đại học Đà Nẵng